Регионална библиотека "Любен Каравелов" - Русе

Родната къща (Запис номер 51203)

MARC детайли
000 -Лидер
Контролно поле с фиксирана дължина nam a22 a 4500
003 - Код на организацията, давaща контролен номер
Контролно поле BLK
005 - Дата и час на последна редакция
Контролно поле 20230125131958.0
008 - Елементи от данни с фиксирана дължина
fixed length control field 180408b bul|||||r ||||||| ||bul||
010 ## - Наследен системен номер
LC control number KNG00055105000
040 ## - Източник на каталожния запис
Идентификатор на билиотеката - собственик на записа BLK
041 ## - Код за език
Код за езика на текст/звукозапис или на отделно заглавие Български
Код за езика КДБФ Български
072 #7 - Код за тематичната категория
Код организация bullib
Код за тематична категория Я
Текст Автографи
080 ## - УДК
Текстов определител УДК Българска литература
УДК код - определител по УДК 821.163.2
УДК определител -93-1
УДК - код + определител 821.163.2-93-1
100 1# - Редна дума - Автор
Автор Таджер, Салис
Авторска отговорност първи автор
R(LIN) 368584
139 ## - Редно поле
Редна дума Таджер, Салис
Авторски знак Тадж - Т 18
245 10 - Сведения за заглавието
Заглавие Родната къща
Подзаглавни данни Стихотворения за деца
Редно поле (дума) Салис Таджер; худож. Иван Димов; послесл. от Тодор Янчев.
257 ## - Страна на издаване
Страна на създаване/издаване България
260 ## - Област на издателските данни
Място на издаване, разпространение и проч. София
Име на издателя, разпространителя и проч. Нар. младеж
Година на издаване 1979
300 ## - Физическа характеристика
Страници 192 с.
Илюстрации и др. с ил., портр.
Размери/Мащаб 21 см
380 ## - Жанр
Жанр Детска худож. лит.
490 ## - СЕРИИ (Колекции)
Име на серия Библиотека Дъга
9 (RLIN) 201204
490 ## - СЕРИИ (Колекции)
Име на серия Библиотека Български писатели за деца и юноши
9 (RLIN) 202484
659 ## - Тематичен бюлетин
Тематичен бюлетин Я
700 1# - Други автори (авторска отговорност)
Лично име Димов, Иван
Автороска отговорност (Описва отношението между автора и произведението) худож.
Друга информация Иванов, Иван Димов
9 (RLIN) 364198
700 1# - Други автори (авторска отговорност)
Лично име Янчев, Тодор
Автороска отговорност (Описва отношението между автора и произведението) послесл. от
Друга информация Калчев, Тодор Янчев
9 (RLIN) 368585
852 ## - Местоположение
Форматна сигнатура Цб 115252
852 ## - Местоположение
Форматна сигнатура К 821.163.2/Т 18 С
856 4# - Електронен адрес и достъп
Електронен формат pdf - файл
Инструкция (цена за достъп) 0.00
Права за достъп disable
856 4# - Електронен адрес и достъп
Електронен формат pdf - файл
Инструкция (цена за достъп) 0.00
Права за достъп disable
999 ## - СИСТЕМНИ КОНТРОЛНИ НОМЕРА
Koha biblionumber 51203
Koha biblioitemnumber 51203
942 ## - АРТИКУЛИ
Вид на библиотечния материал Книги
Скрит в OPAC Не
Периодичен библиозапис Да
944 ## - СЪЗДАВАНЕ И РЕДАКЦИЯ на ЗАПИСА
Създаване/Редакция Създаване
Дата на регистрацията/редакция 25.08.2005
Служител, извършил регистрацията/редакцията Ренета_Константинова
944 ## - СЪЗДАВАНЕ И РЕДАКЦИЯ на ЗАПИСА
Създаване/Редакция Редакция
Дата на регистрацията/редакция 2023-01-25
Служител, извършил регистрацията/редакцията ир
999 ## - СИСТЕМНИ КОНТРОЛНИ НОМЕРА
Koha biblioitemnumber 51203
Наличности
Код за отписване Код за изгубен артикул Източник на класификационната схема Код за повреда Коз за рестрикции Код за отдаване Артикулен № Име на библиотеката - собственик Име на библиотеката, в която се намира в момента Статус (Текущо местоположение) Дата на вписване в системата Местоположение - отдел Цена в лева Номерация (Хронология) Инвентарен номер Систематично азбучна сигнатура Баркод Номер на екземпляра Цена в евро Служебна бележка Служебен тип на артикула Бележка за публиката
  Не е изгубен Universal Decimal Classification Не е повреден без рестрикции ползва се в читалня 80562 Регионална библиотека "Любен Каравелов" Русе Регионална библиотека "Любен Каравелов" Русе Краезнание 2005-08-26 Краезнание 1.17 Автограф: Салис Таджер 120000696411 К 821.163.2/Т 18 С 120000696411 1 0.60 Дост: DA Вид: А N: 22 Дата: 26.08.2005 Дата инв: 15.11.2017 Бележки инв: К2017 Книги  
  Не е изгубен Universal Decimal Classification Не е повреден само за читалня ползва се в читалня 80563 Регионална библиотека "Любен Каравелов" Русе Регионална библиотека "Любен Каравелов" Русе Хранилище 2001-01-01 Хранилище 1.17   280690 Цб 115252 120000280690 2 0.60 Дост: Dp Вид: Д N: стар фонд Дата: 01.01.2001 Книги  
Изтеглен Не е изгубен   Не е повреден без рестрикции заемане за дома 80564 Регионална библиотека "Любен Каравелов" Русе Регионална библиотека "Любен Каравелов" Русе   2001-01-01 Детски отдел 1.17   281047 Д 886.7/Т 18 281047 3 0.60 Дост: Pk Вид: Ф N: стар фонд Дата: 01.01.2001 Дата инв: 29.09.2015 Бележки инв: Д2015 Книги Отч.N: 31/2017 , Дата: 01.09.2017
Изтеглен Не е изгубен   Не е повреден без рестрикции заемане за дома 80565 Регионална библиотека "Любен Каравелов" Русе Регионална библиотека "Любен Каравелов" Русе   2001-01-01 Детски отдел 1.17   281048 Д 886.7/Т 18 281048 4 0.60 Дост: Pk Вид: Ф N: стар фонд Дата: 01.01.2001 Дата инв: 29.09.2015 Бележки инв: Д2015 Книги Отч.N: 31/2017 , Дата: 01.09.2017
Изтеглен Не е изгубен   Не е повреден без рестрикции заемане за дома 80566 Регионална библиотека "Любен Каравелов" Русе Регионална библиотека "Любен Каравелов" Русе Детски отдел 2001-01-01 Детски отдел 1.17   281052 Д 886.7/Т 18 281052 5 0.60 Дост: Pk Вид: Ф N: стар фонд Дата: 01.01.2001 Дата инв: 29.09.2015 Бележки инв: Д2015 Книги  
Vip Innovations Ltd, Rousse, Bulgaria 2025